[Event "Piacenza Region-ch"]
[Site "Piacenza"]
[Date "2024.01.28"]
[Round "4"]
[White "Tirelli, Stefano"]
[Black "Costa, Vittorio"]
[Result "1/2-1/2"]
[WhiteElo "1497"]
[BlackElo "1265"]
[PlyCount "107"]
[EventDate "2024.01.26"]
[EventType "swiss"]
[EventRounds "5"]
[EventCountry "ITA"]
[SourceTitle "CB06_2024"]
[SourceDate "2024.02.07"]
[SourceVersion "1"]
[SourceVersionDate "2024.02.07"]
[SourceQuality "1"]

1. d4 e6 2. Nf3 Be7 3. Bf4 Nf6 4. h3 d5 5. Nbd2 Nbd7 6. e3 Nh5 7. Bh2 0-0 8. Be2 Nhf6 9. Rc1 Bd6 10. Ne5 Bxe5 11. dxe5 Ne4 12. 0-0 Qg5 13. Bf4 Qe7 14. Nf3 f6 15. exf6 Ndxf6 16. c4 c6 17. cxd5 exd5 18. a3 Be6 19. Nd4 Bf7 20. Nf5 Qd7 21. Nd4 Rae8 22. b4 a6 23. Bd3 h6 24. Bxe4 Nxe4 25. Nf3 Bh5 26. g4 Bxg4 27. hxg4 Qxg4+ 28. Kh1 g5 29. Nh2 Qxd1 30. Rcxd1 gxf4 31. Rg1+ Kh7 32. Kg2 Rg8+ 33. Kf3 fxe3 34. Rxg8 Kxg8 35. fxe3 Rf8+ 36. Kg2 Rf2+ 37. Kg1 Re2 38. Rd3 Kg7 39. Nf3 Kf6 40. Nd4 Rd2 41. Rb3 Kg5 42. Nf3+ Kg4 43. Nxd2 Nxd2 44. Rd3 Ne4 45. Kg2 h5 46. a4 h4 47. b5 axb5 48. axb5 Nd6 49. bxc6 bxc6 50. Rd4+ Ne4 51. Ra4 Kg5 52. Kh3 Nf2+ 53. Kg2 Ne4 54. Kh3 1/2-1/2

[Event "Piacenza Region-ch"]
[Site "Piacenza"]
[Date "2023.01.15"]
[Round "4"]
[White "Carrai, Giacomo"]
[Black "Costa, Vittorio"]
[Result "1/2-1/2"]
[WhiteElo "1634"]
[BlackElo "1235"]
[PlyCount "55"]
[EventDate "2023.01.13"]
[EventType "swiss"]
[EventRounds "5"]
[EventCountry "ITA"]
[SourceTitle "CBM 212 Extra"]
[Source "ChessBase"]
[SourceDate "2023.03.31"]
[SourceVersion "1"]
[SourceVersionDate "2023.03.31"]
[SourceQuality "1"]

1. d4 Nf6 2. c4 g6 3. Nc3 d5 4. Nf3 c6 5. Bg5 Bg7 6. e3 0-0 7. Be2 h6 8. Bh4 Be6 9. Ne5 Nbd7 10. f4 dxc4 11. Nxc4 Nb6 12. Ne5 Nfd7 13. 0-0 Nxe5 14. fxe5 Nd5 15. Nxd5 Bxd5 16. b4 b5 17. a3 g5 18. Bg3 f6 19. exf6 Bxf6 20. Qc2 Qe8 21. Bd3 Kg7 22. Kh1 h5 23. h3 e5 24. e4 Bf7 25. Rac1 Rc8 26. Qf2 Qe6 27. Rc3 exd4 28. Rc2 1/2-1/2

[Event "Piacenza Region-ch"]
[Site "Piacenza"]
[Date "2023.01.15"]
[Round "5"]
[White "Costa, Vittorio"]
[Black "Pambieri, Nicole"]
[Result "0-1"]
[WhiteElo "1235"]
[BlackElo "999"]
[PlyCount "60"]
[EventDate "2023.01.13"]
[EventType "swiss"]
[EventRounds "5"]
[EventCountry "ITA"]
[SourceTitle "CBM 212 Extra"]
[Source "ChessBase"]
[SourceDate "2023.03.31"]
[SourceVersion "1"]
[SourceVersionDate "2023.03.31"]
[SourceQuality "1"]

1. e4 e5 2. Nf3 Nc6 3. Bb5 a6 4. Bxc6 dxc6 5. d4 f6 6. 0-0 Bb4 7. c3 Ba5 8. dxe5 Qxd1 9. Rxd1 Bg4 10. exf6 Nxf6 11. h3 Bxf3 12. gxf3 0-0 13. Be3 Nh5 14. b4 Bb6 15. Bxb6 cxb6 16. Nd2 Nf4 17. Kh2 Nd3 18. Nc4 Rxf3 19. Nxb6 Raf8 20. Rd2 Rxf2+ 21. Rxf2 Nxf2 22. Re1 Nd3 23. Re3 Ne5 24. Kg3 h5 25. h4 Kh7 26. c4 Kh6 27. a4 g5 28. hxg5+ Kxg5 29. b5 h4+ 30. Kh2 Ng4+ 0-1

[Event "Piacenza Region-ch"]
[Site "Piacenza"]
[Date "2023.01.13"]
[Round "1"]
[White "Costa, Vittorio"]
[Black "Scacchi, Paolo"]
[Result "0-1"]
[WhiteElo "1235"]
[BlackElo "1706"]
[PlyCount "74"]
[EventDate "2023.01.13"]
[EventType "swiss"]
[EventRounds "5"]
[EventCountry "ITA"]
[SourceTitle "CBM 212 Extra"]
[Source "ChessBase"]
[SourceDate "2023.03.31"]
[SourceVersion "1"]
[SourceVersionDate "2023.03.31"]
[SourceQuality "1"]

1. e4 c5 2. Nf3 d6 3. d4 cxd4 4. Nxd4 Bd7 5. Bc4 Nf6 6. Nc3 g6 7. 0-0 Bg7 8. Be3 Nc6 9. f4 0-0 10. Qd2 Qc7 11. f5 Nxd4 12. Qxd4 Ng4 13. Qd3 Nxe3 14. Bxf7+ Rxf7 15. Qxe3 Bxc3 16. bxc3 Qc5 17. Qd4 Qxd4+ 18. cxd4 gxf5 19. exf5 Bxf5 20. c3 Rc8 21. Rac1 Be6 22. a3 Rc4 23. Rxf7 Kxf7 24. Kf2 Rc8 25. Ke3 Rg8 26. Rf1+ Ke8 27. g3 Bc4 28. Rf2 b5 29. Rf4 Rf8 30. Rxf8+ Kxf8 31. h4 Kf7 32. g4 Kf6 33. Kf4 e5+ 34. dxe5+ dxe5+ 35. Ke4 Ba2 36. g5+ Ke6 37. Kf3 Kf5 0-1

[Event "Piacenza Ruscitti Memorial"]
[Site "Piacenza"]
[Date "2022.10.23"]
[Round "4"]
[White "Costa, Vittorio"]
[Black "Fortunati, Luca"]
[Result "1-0"]
[WhiteElo "1258"]
[BlackElo "999"]
[PlyCount "99"]
[EventDate "2022.10.22"]
[EventType "swiss"]
[EventRounds "5"]
[EventCountry "ITA"]
[SourceTitle "EXT 2024"]
[Source "ChessBase"]
[SourceDate "2023.10.10"]
[SourceVersion "1"]
[SourceVersionDate "2023.10.10"]
[SourceQuality "1"]

1. e4 d6 2. d4 Nf6 3. Nc3 g6 4. Nf3 Bg7 5. Bc4 Bg4 6. h3 Bxf3 7. Qxf3 Nc6 8. Be3 0-0 9. 0-0-0 e5 10. d5 Ne7 11. Bg5 Nd7 12. Qe3 Re8 13. h4 h5 14. Be2 Kh7 15. g4 f6 16. gxh5 gxh5 17. Bxh5 Rh8 18. Bf7 Qf8 19. Be6 Nc5 20. Qh3 Nxe6 21. dxe6 Kg8 22. Be3 Bh6 23. Rdg1+ Kh7 24. Nd5 Bxe3+ 25. Qxe3 Nxd5 26. exd5 Rg8 27. Rxg8 Qxg8 28. Qg3 Qxg3 29. fxg3 Kg7 30. Kd2 Kf8 31. Ke3 Ke7 32. Ke4 c6 33. c4 c5 34. Kf5 Rg8 35. g4 a6 36. g5 fxg5 37. hxg5 Rf8+ 38. Ke4 Rf4+ 39. Kd3 Rf5 40. Rh7+ Kd8 41. g6 Rg5 42. g7 Ke8 43. Rh8+ Ke7 44. g8Q Rxg8 45. Rxg8 b5 46. b3 bxc4+ 47. bxc4 a5 48. Rg7+ Kf6 49. Ra7 Kf5 50. e7 1-0